| 000 | 00481nam a22001817a 4500 | ||
|---|---|---|---|
| 003 | OSt | ||
| 005 | 20260415050812.0 | ||
| 008 | 260415b |||||||| |||| 00| 0 eng d | ||
| 020 | _a971054501-9 | ||
| 040 |
_aDWCL - Main Lib. _cOC |
||
| 082 | _aProf. 899.211 Dn58 2009 | ||
| 100 | _aOng, Bob | ||
| 245 |
_aKapitan sino / _cBob Ong |
||
| 260 |
_aPasay City : _bVisprint, Inc., _cc 2009 |
||
| 300 |
_a166 p. ; _c18 cm. |
||
| 650 | _a1. Filipino literature. | ||
| 942 |
_2ddc _cPROF. _n0 |
||
| 999 |
_c9441 _d9441 |
||